000 00410nam a2200133Ia 4500
005 20260326235452.0
008 260326s9999||||xx |||||||||||||| ||und||
100 _aWycherley, R.E.
245 0 _aHow he greeks built Cities :
_b The relationship of Architectura and Town Planning to everyday Life in Ancient Greece /
_cR.E. Wycherley
260 _bNorton
300 _a231 p.
650 _aANTIGUEDAD
942 _cBK
999 _c7813
_d7813